[Event "2005 Standard Chess Dropout Tournament, Round 2"]
[Site "SchemingMind.com"]
[Date "2005.04.04"]
[Round "2"]
[White "NimbleKnight"]
[Black "TripleBrain"]
[Result "0-1"]
[WhiteCountry "USA"]
[BlackCountry "GBR"]
[WhiteElo "1923"]
[WhiteRD "106"]
[BlackElo "2015"]
[BlackRD "138"]
[GameID "12052"]

1. e4 c5 2. Nf3 e6 3. d4 cxd4 4. Qxd4 Nc6 5. Qa4 Bc5 6. c3 d6 7. Bd3 Nf6 8. O-O O-O 9. h3 Nd7 10. Re1 Nde5
11. Nxe5 Nxe5 12. Bf1 f5 13. Be3 Bd7 14. Qc2 Bxe3 15. Rxe3 Qg5 16. Nd2 f4 17. Ree1 Be8 18. f3 Rf6 19. Qd1 Rg6 20. Qe2 Qh4
21. Kh1 a6 22. Rad1 Rg3 23. b3 Bh5 24. c4 g5 25. Kh2 g4 26. fxg4 Bxg4 27. Nf3 Nxf3+ 28. Kh1 Qxh3+ 29. gxh3 Rg1#
0-1

[Event "2005 Standard Chess Dropout Tournament, Round 2"]
[Site "SchemingMind.com"]
[Date "2005.04.06"]
[Round "2"]
[White "Ninaber"]
[Black "Harold"]
[Result "1-0"]
[WhiteCountry "NED"]
[BlackCountry "GBR"]
[WhiteElo "1994"]
[WhiteRD "139"]
[BlackElo "1532"]
[BlackRD "87"]
[GameID "12053"]

1. e4 c5 2. Nf3 Nc6 3. d4 cxd4 4. Nxd4 Qc7 5. Nb5 Qe5 6. N1c3 a6 7. f4 Qb8 8. Nd4 e5 9. Nf5 g6 10. Ne3 Bg7
11. Nc4 exf4 12. Nd6+ Kd8 13. Bxf4 Bh6 14. Nxf7+ Ke8 15. Bxb8
1-0

[Event "2005 Standard Chess Dropout Tournament, Round 2"]
[Site "SchemingMind.com"]
[Date "2005.04.04"]
[Round "2"]
[White "Oskyrain"]
[Black "Tannhäuser"]
[Result "0-1"]
[WhiteCountry "ARG"]
[BlackCountry "BAH"]
[WhiteElo "2090"]
[WhiteRD "79"]
[BlackElo "2269"]
[BlackRD "148"]
[GameID "12056"]

1. d4 f5 2. Nc3 Nf6 3. Bg5 d5 4. e3 e6 5. Nf3 Be7 6. Qd2 O-O 7. Ne5 Nbd7 8. Be2 Nxe5 9. dxe5 Ne4 10. Nxe4 fxe4
11. Bxe7 Qxe7 12. O-O b6 13. a4 a5 14. f4 exf3 15. Rxf3 Rxf3 16. Bxf3 Ba6 17. Qc3 Qc5 18. Qxc5 bxc5 19. Rd1 Rb8 20. b3 Kf7
21. g3 Ke7 22. Kg2 c4 23. Rb1 cxb3 24. cxb3 Kd7 25. Bd1 c5 26. Bc2 c4 27. bxc4 Rxb1 28. Bxb1 dxc4 29. Bxh7 Kc6 30. Kf2 c3
31. Ke1 Kc5 32. Kd1 Kb4 33. Kc2 Bc4 34. Bg8 Bb3+ 35. Kd3 Bxa4 36. Bxe6 Bb3 37. Bxb3 Kxb3 38. e6 c2 39. e7 c1=Q 40. e8=Q Qc4+
41. Kd2 Qc2+ 42. Ke1 a4 43. Qb5+= Ka2 44. Qd5+ Qb3 45. Qf3 Kb2 46. Qg2+ Kc1 47. Qc6+ Qc2 48. Qd5 a3 49. Qd4 Kb1 50. Qb6+ Ka2
51. Qa7 Qc1+ 52. Ke2 Kb1 53. Kf3 a2 54. Qb7+ Qb2 55. Qe4+ Kc1 56. Qc6+ Kd2 57. Qd5+ Ke1 58. Qa5+ Kf1 59. Qa6+ Kg1
0-1

[Event "2005 Standard Chess Dropout Tournament, Round 2"]
[Site "SchemingMind.com"]
[Date "2005.04.04"]
[Round "2"]
[White "Pen2Paper"]
[Black "Ogopogoman"]
[Result "0-1"]
[WhiteCountry "CAN"]
[BlackCountry "USA"]
[WhiteElo "1374"]
[WhiteRD "123"]
[BlackElo "1676"]
[BlackRD "104"]
[GameID "12058"]

1. e4 e5 2. Nf3 Nc6 3. Bb5 Nf6 4. Nc3 Bd6 5. O-O O-O 6. b3 Re8 7. Bb2 a6 8. Bxc6 dxc6 9. d4 Bg4 10. h3 Bxf3
11. Qxf3 exd4 12. Na4 Rxe4 13. Rae1 Rf4 14. Qd3 b5 15. Bxd4 Rxd4 16. Qf3 Nd5 17. Nc3 Nxc3 18. Qxc6 Nd5 19. Re2 Nf6 20. Rfe1 h6
21. c3 Rd3 22. c4 Bb4 23. Rc1 Rd1+ 24. Rxd1 Qxd1+ 25. Kh2 Qd6+ 26. Qxd6 Bxd6+ 27. Kh1 bxc4 28. bxc4 Rb8 29. g3 Rb1+ 30. Kg2 Rc1
31. g4 Rxc4 32. f3 Kh7
0-1

[Event "2005 Standard Chess Dropout Tournament, Round 2"]
[Site "SchemingMind.com"]
[Date "2005.04.04"]
[Round "2"]
[White "pudutse"]
[Black "Stephen"]
[Result "1/2-1/2"]
[WhiteCountry "ARG"]
[BlackCountry "ENG"]
[WhiteElo "1846"]
[WhiteRD "87"]
[BlackElo "1827"]
[BlackRD "79"]
[GameID "12060"]

1. e4 d5 2. exd5 Qxd5 3. Nc3 Qa5 4. d4 c6 5. Nf3 Nf6 6. Bd2 Qb6 7. Qc1 Bg4 8. Be3 Bxf3 9. gxf3 Qc7 10. Ne4 Nbd7
11. c3 e6 12. h4 Nd5 13. Qc2 h6 14. O-O-O O-O-O 15. Kb1 f5 16. Nc5 Nxc5 17. dxc5 Nxe3 18. fxe3 Bxc5 19. Bc4 Qe7 20. Qb3 e5
21. Be6+ Kb8 22. Bxf5 Rxd1+ 23. Qxd1 Bxe3 24. Qd3 Bb6 25. h5 Rd8 26. Qe4 Bc7 27. Re1 Qg5 28. Bg4 a6=
1/2-1/2

[Event "2005 Standard Chess Dropout Tournament, Round 2"]
[Site "SchemingMind.com"]
[Date "2005.04.04"]
[Round "2"]
[White "PugadLawin"]
[Black "Jorge Anibal DEKMAK"]
[Result "0-1"]
[WhiteCountry "PHI"]
[BlackCountry "ARG"]
[WhiteElo "1842"]
[WhiteRD "98"]
[BlackElo "2039"]
[BlackRD "106"]
[GameID "12061"]

1. d4 Nf6 2. c4 e6 3. Nf3 b6 4. g3 Bb7 5. Bg2 Be7 6. O-O O-O 7. Nc3 Ne4 8. Bd2 Bf6 9. Rc1 c5 10. d5 exd5
11. cxd5 Nxd2 12. Nxd2 d6 13. e4 Nd7 14. Nc4 Ne5 15. Nxe5 Bxe5 16. h3 Qf6 17. Qc2 Rac8 18. f4 Bd4+ 19. Kh2 Rfe8 20. b3 Ba6
21. Rfe1 Qg6 22. a4 h5 23. Nb5 Bxb5 24. axb5 h4 25. g4 Qf6 26. Qd2 g5 27. fxg5 Qe5+ 28. Kh1 Qg3 29. Rb1 Bc3 30. Qe3 Bxe1
31. Rxe1 Qxe3 32. Rxe3 Re5
0-1

[Event "2005 Standard Chess Dropout Tournament, Round 2"]
[Site "SchemingMind.com"]
[Date "2005.04.04"]
[Round "2"]
[White "Raimondi"]
[Black "willygor"]
[Result "0-1"]
[WhiteCountry "PER"]
[BlackCountry "ARG"]
[WhiteElo "1573"]
[WhiteRD "67"]
[BlackElo "1689"]
[BlackRD "79"]
[GameID "12062"]

1. e4 Nc6 2. Nf3 d6 3. d4 Bg4 4. Bb5 a6 5. Ba4 b5 6. Bb3 Nf6 7. Nbd2 e5 8. dxe5 dxe5 9. c3 Bxf3 10. Qxf3 Bc5
11. O-O O-O 12. Kh1 Qe7 13. Qe2 Rad8 14. Nf3 Rd6 15. Bg5 h6 16. Bh4 Rfd8 17. Rad1 g5 18. Bg3 Nh5 19. Bxe5 Nxe5 20. Nxe5 Nf4
21. Qf3 Qxe5 22. g3 Rxd1 23. Rxd1 Rxd1+ 24. Qxd1 Nh3 25. Qf3 Nxf2+ 26. Kg2 Qxe4
0-1

[Event "2005 Standard Chess Dropout Tournament, Round 2"]
[Site "SchemingMind.com"]
[Date "2005.04.04"]
[Round "2"]
[White "roscoe"]
[Black "Mayaune"]
[Result "1/2-1/2"]
[WhiteCountry "USA"]
[BlackCountry "FRA"]
[WhiteElo "1422"]
[WhiteRD "95"]
[BlackElo "1138"]
[BlackRD "89"]
[GameID "12064"]

1. Nf3 d6 2. g3 e5 3. e4 Bg4 4. Bg2 Nf6 5. d3 Nc6 6. Bg5 Be7 7. O-O O-O 8. c3 Bxf3 9. Bxf3 a5 10. d4 exd4
11. cxd4 Re8 12. e5 dxe5 13. d5 Nd4 14. Bg2 e4 15. Qxd4 Qxd5 16. Qxd5 Nxd5 17. Bxe4 c6 18. Bxe7 Rxe7 19. Re1 Rae8 20. Nc3 Nxc3
21. bxc3 Rxe4 22. Red1 Rc4 23. Rab1 b5 24. Rb3 a4 25. Ra3 Ra8 26. Rd7 g6 27. h4 b4 28. cxb4 Rxb4 29. Rad3 c5 30. a3 Rb3
31. Rd8+ Rxd8 32. Rxd8+ Kg7 33. Rc8 Rxa3 34. Rxc5 Ra2 35. Ra5 a3=
1/2-1/2

[Event "2005 Standard Chess Dropout Tournament, Round 2"]
[Site "SchemingMind.com"]
[Date "2005.04.04"]
[Round "2"]
[White "SharpNova"]
[Black "faaus"]
[Result "1-0"]
[WhiteCountry "USA"]
[BlackCountry "ARG"]
[WhiteElo "2317"]
[WhiteRD "99"]
[BlackElo "2037"]
[BlackRD "110"]
[GameID "12065"]

1. e4 c5 2. Nf3 Nc6 3. Bb5 g6 4. O-O Bg7 5. c3 Nf6 6. Re1 O-O 7. d4 cxd4 8. cxd4 d5 9. e5 Ne4 10. Nc3 Nxc3
11. bxc3 Qa5 12. a4 Bg4 13. Re3 Rfc8 14. h3 Bd7 15. Bf1 Qc7 16. Qb3 Na5 17. Qxd5 Be6 18. Qb5 a6 19. Qb2 Nb3 20. Ng5 Nxa1
21. Nxe6 fxe6 22. Qxa1 Bh6 23. Rg3 Bxc1 24. Qxc1 Qc6 25. Qh6 Qe8 26. Bd3 Qf8 27. Qh5 Qg7 28. Bxg6 hxg6 29. Rxg6 Rxc3 30. Qh6 Qxg6
31. Qxg6+ Kf8 32. d5
1-0

[Event "2005 Standard Chess Dropout Tournament, Round 2"]
[Site "SchemingMind.com"]
[Date "2005.04.04"]
[Round "2"]
[White "sicilianchameleon"]
[Black "Gary"]
[Result "1/2-1/2"]
[WhiteCountry "USA"]
[BlackCountry "ENG"]
[WhiteElo "1596"]
[WhiteRD "97"]
[BlackElo "1694"]
[BlackRD "67"]
[GameID "12066"]

1. d4 f5 2. c4 Nf6 3. Nf3 g6 4. g3 Bg7 5. Bg2 O-O 6. O-O d6 7. Nc3 Nbd7 8. Qb3 Kh8 9. e4 fxe4 10. Ng5 Nb8
11. d5 Na6 12. Ncxe4 Nxe4 13. Nxe4 Rb8 14. Qe3 b6 15. Rd1 Nc5 16. Nc3 e6 17. b4 Nb7 18. Bb2 e5 19. Ne2 Bf5 20. Rac1 a5
21. a3 axb4 22. axb4 Ra8 23. Ra1 Qd7 24. Rxa8 Rxa8 25. Nc3 Bf8 26. f4 Bg7 27. fxe5 Bxe5 28. Qg5 h6 29. Qxh6+ Kg8 30. Qd2 Nd8
31. c5 bxc5 32. bxc5 dxc5 33. d6 Rc8 34. Qd5+=
1/2-1/2

[Event "2005 Standard Chess Dropout Tournament, Round 2"]
[Site "SchemingMind.com"]
[Date "2005.04.04"]
[Round "2"]
[White "Spohn"]
[Black "Barry"]
[Result "1-0"]
[WhiteCountry "USA"]
[BlackCountry "GBR"]
[WhiteElo "1636"]
[WhiteRD "61"]
[BlackElo "1741"]
[BlackRD "82"]
[GameID "12067"]

1. e4 c5 2. Nf3 Nc6 3. d4 cxd4 4. Nxd4 Nf6 5. Nc3 d6 6. Bc4 g6 7. Be3 Bg7 8. Qd2 O-O 9. f3 Nxd4 10. Bxd4 a6
11. O-O-O b5 12. Bb3 Bb7 13. h4 h5 14. Rdg1 Qc7 15. g4 hxg4 16. fxg4 Nxe4 17. Nxe4 Bxe4 18. Bxg7 Bxh1 19. Qh6
1-0

[Event "2005 Standard Chess Dropout Tournament, Round 2"]
[Site "SchemingMind.com"]
[Date "2005.04.07"]
[Round "2"]
[White "startstek"]
[Black "libertango"]
[Result "1-0"]
[WhiteCountry "ALG"]
[BlackCountry "ITA"]
[WhiteElo "1880"]
[WhiteRD "136"]
[BlackElo "1576"]
[BlackRD "189"]
[GameID "12068"]

1. e4 e5 2. Nf3 Nf6 3. Nc3 Nc6 4. Bb5 Bb4 5. O-O O-O 6. d3 d6 7. Bg5 Bd7 8. Nd5 Bc5 9. Nh4 a6 10. Bc4 b5
11. Bb3
1-0

[Event "2005 Standard Chess Dropout Tournament, Round 2"]
[Site "SchemingMind.com"]
[Date "2005.04.04"]
[Round "2"]
[White "Stephen"]
[Black "Kaspov"]
[Result "1-0"]
[WhiteCountry "ENG"]
[BlackCountry "ARG"]
[WhiteElo "1827"]
[WhiteRD "79"]
[BlackElo "1334"]
[BlackRD "99"]
[GameID "12069"]

1. d4 d5 2. Nf3 Nc6 3. Bf4 Bf5 4. c3 Nf6 5. e3 a6 6. Bd3 Bxd3 7. Qxd3 h6 8. Nbd2 e6 9. a3 Bd6 10. Bxd6 Qxd6
11. O-O O-O-O 12. c4 e5 13. cxd5 Qxd5 14. e4 Qd7 15. d5 Ne7 16. Nxe5 Qe8 17. Qc3 c6 18. Rac1 Rd6 19. Qc5 Nf5 20. dxc6 Nxe4
21. Nxe4
1-0

[Event "2005 Standard Chess Dropout Tournament, Round 2"]
[Site "SchemingMind.com"]
[Date "2005.04.04"]
[Round "2"]
[White "surfnsuds"]
[Black "Mel"]
[Result "0-1"]
[WhiteCountry "USA"]
[BlackCountry "USA"]
[WhiteElo "1259"]
[WhiteRD "75"]
[BlackElo "1503"]
[BlackRD "78"]
[GameID "12070"]

1. e4 c5 2. Nf3 d6 3. Bc4 e6 4. d4 d5 5. exd5 exd5 6. Bb5+ Bd7 7. Nc3 a6 8. Bxd7+ Qxd7 9. Ne5 Qe6 10. O-O Nf6
11. Bf4 Bd6 12. Re1 O-O 13. Ng6 Qg4 14. Nxf8 Qxf4 15. Ne2 Qxh2+ 16. Kf1 Kxf8 17. dxc5 Bxc5 18. Nc3 d4 19. Na4 Nbd7 20. Nxc5 Nxc5
21. Qxd4 Rc8 22. Rad1 Qh1+ 23. Ke2 Re8+ 24. Kf3 Rxe1 25. Qd8+ Ne8 26. Qc8 Qh5+ 27. g4 Qh3+ 28. Kf4 Re4+ 29. Kf5 Qxg4#
0-1

[Event "2005 Standard Chess Dropout Tournament, Round 2"]
[Site "SchemingMind.com"]
[Date "2005.04.04"]
[Round "2"]
[White "Tannhäuser"]
[Black "aliwood"]
[Result "1-0"]
[WhiteCountry "BAH"]
[BlackCountry "ENG"]
[WhiteElo "2220"]
[WhiteRD "158"]
[BlackElo "1366"]
[BlackRD "67"]
[GameID "12071"]

1. c4 e6 2. d4 d5 3. Nc3 c5 4. cxd5 cxd4 5. Qa4+ Bd7 6. Qxd4 exd5 7. Qxd5 Nc6 8. Bg5 Nge7 9. Qd2 f6 10. Bf4 Ne5
11. e4 N7g6 12. Be3 Qc7 13. Nd5 Qc8 14. Rc1 Bc6 15. Ne2 Bd6 16. Nxf6+ gxf6 17. Qxd6 Qd7 18. Qxd7+ Bxd7 19. Ng3 O-O 20. f4 Ng4
21. Bd2 Rfe8 22. Bc4+ Kf8 23. h3 Nf2 24. Kxf2 Rad8 25. Bb4+ Ne7 26. Nh5
1-0

[Event "2005 Standard Chess Dropout Tournament, Round 2"]
[Site "SchemingMind.com"]
[Date "2005.04.04"]
[Round "2"]
[White "Thegreatpolgar"]
[Black "latvija"]
[Result "0-1"]
[WhiteCountry "DEN"]
[BlackCountry "USA"]
[WhiteElo "1907"]
[WhiteRD "138"]
[BlackElo "2064"]
[BlackRD "155"]
[GameID "12073"]

1. e4 e5 2. Nf3 f5 3. Nxe5 Qf6 4. d4 d6 5. Nc4 fxe4 6. Be2 Qd8 7. Nc3 d5 8. Ne5 Nf6 9. O-O Bd6 10. Bg5 c6
0-1

[Event "2005 Standard Chess Dropout Tournament, Round 2"]
[Site "SchemingMind.com"]
[Date "2005.04.04"]
[Round "2"]
[White "TripleBrain"]
[Black "PugadLawin"]
[Result "1-0"]
[WhiteCountry "GBR"]
[BlackCountry "PHI"]
[WhiteElo "2015"]
[WhiteRD "138"]
[BlackElo "1824"]
[BlackRD "100"]
[GameID "12074"]

1. e4 e6 2. d4 d5 3. Nc3 Bb4 4. e5 Ne7 5. Bd2 b6 6. Nb5 Bxd2+ 7. Qxd2 a6 8. Na3 Nbc6 9. c3 Nf5 10. Bd3 h5
11. Bxf5 exf5 12. Nh3 Be6 13. Rd1 b5 14. Ng5 Qe7 15. O-O g6 16. Nc2 Kf8 17. Ne1 Nd8 18. Nd3 Nb7 19. Nf4 Kg7 20. h4 a5
21. Ra1 a4 22. Qe3 Ra6 23. Qg3 Rh6 24. Rfe1 c6 25. Rab1 Na5 26. b3 a3 27. Qd3 Ra8 28. Qf3 Ra7 29. Re3 Ra8 30. Qe2 Ra7
31. Rg3 Ra8 32. Nxh5+ Rxh5 33. Nxe6+
1-0

[Event "2005 Standard Chess Dropout Tournament, Round 2"]
[Site "SchemingMind.com"]
[Date "2005.04.04"]
[Round "2"]
[White "Valverde"]
[Black "KnightRampant"]
[Result "1/2-1/2"]
[WhiteCountry "ESP"]
[BlackCountry "USA"]
[WhiteElo "1945"]
[WhiteRD "107"]
[BlackElo "1977"]
[BlackRD "105"]
[GameID "12075"]

1. d4 Nf6 2. Bg5 g6 3. Bxf6 exf6 4. e3 Bg7 5. Bd3 O-O 6. Ne2 d5 7. O-O Nc6 8. c3 Qd6 9. Nd2 Bd7 10. e4 Rfe8
11. exd5 Qxd5 12. Qb3 Qxb3 13. Nxb3 b6 14. Nf4 Ne7 15. Rfe1 c6 16. Nd2 Nd5 17. Nxd5 cxd5 18. Nf1 Bc6 19. Ne3 f5 20. f4 Re6
21. Kf2 Rae8 22. g3 a5 23. Nc2 Kf8 24. Rxe6 Rxe6 25. a4 Ke7 26. b4 Kd6 27. b5 Bd7 28. Re1 h5 29. Rxe6+ Bxe6 30. Ne3 Bf6
31. h4 Bc8 32. Be2 Be6 33. Bd1 Bg7 34. Ke2 Bf6=
1/2-1/2

[Event "2005 Standard Chess Dropout Tournament, Round 2"]
[Site "SchemingMind.com"]
[Date "2005.04.04"]
[Round "2"]
[White "wilfried"]
[Black "alanwo"]
[Result "1-0"]
[WhiteCountry "GER"]
[BlackCountry "ENG"]
[WhiteElo "2069"]
[WhiteRD "120"]
[BlackElo "1676"]
[BlackRD "87"]
[GameID "12076"]

1. d4 d5 2. c4 e6 3. Nf3 Nf6 4. g3 Be7 5. Bg2 O-O 6. Qc2 c6 7. O-O Nbd7 8. Rd1 b6 9. b3 Ba6 10. Bb2 Rc8
11. Nbd2 c5 12. e4 dxc4 13. d5 Qc7 14. dxe6 fxe6 15. Ng5 g6 16. Nxe6 Qb8 17. Nxf8 Bxf8 18. Nxc4 Bg7 19. e5 Ne8 20. Rxd7
1-0

[Event "2005 Standard Chess Dropout Tournament, Round 2"]
[Site "SchemingMind.com"]
[Date "2005.04.04"]
[Round "2"]
[White "willygor"]
[Black "NimbleKnight"]
[Result "0-1"]
[WhiteCountry "ARG"]
[BlackCountry "USA"]
[WhiteElo "1639"]
[WhiteRD "74"]
[BlackElo "1941"]
[BlackRD "110"]
[GameID "12077"]

1. Nf3 d5 2. d3 Bf5 3. Nbd2 Nf6 4. e3 Nbd7 5. Be2 e5 6. O-O Bd6 7. h3 Nb6 8. Nh2 Qe7 9. a3 O-O-O 10. c4 dxc4
11. dxc4 e4 12. Ng4 Kb8 13. b4 Be5 14. Nxe5 Qxe5 15. Ra2 Rhe8 16. Bb2 Qe7 17. c5 Nc8 18. Bd4 g6 19. Qa1 Nd5 20. Bc4 h5
21. Bxd5 Rxd5 22. Nc4 Bd7 23. Ne5 Rxe5 24. Rb1 Rd5 25. b5 Rxc5 26. Bxc5 Qxc5 27. a4 Be6 28. Rab2 Rd8 29. a5 Qd5 30. b6 cxb6
31. a6 f5 32. axb7 Kxb7 33. Qa3 Qd3 34. Qa5 Rd5 35. Qb4 Rd6 36. Ra1 Qc4 37. Qa3 Qd3 38. Qa4 a6 39. Qe8 Bc4 40. Rc1 b5
41. Qf8 Qd5 42. Qg7+ Qf7 43. Qc3 Nb6 44. Qa5 Qd7 45. Qb4 Rd1+ 46. Rxd1 Qxd1+ 47. Kh2 Qd7 48. Rd2 Bd3 49. Ra2 Nc4 50. Qc3 Qe7
51. Ra1 Qe5+
0-1

[Event "2005 Standard Chess Dropout Tournament, Round 2"]
[Site "SchemingMind.com"]
[Date "2005.04.04"]
[Round "2"]
[White "wonko"]
[Black "Austin Lockwood"]
[Result "1-0"]
[WhiteCountry "FIN"]
[BlackCountry "ENG"]
[WhiteElo "1884"]
[WhiteRD "80"]
[BlackElo "1660"]
[BlackRD "77"]
[GameID "12078"]

1. d4 Nc6 2. d5 Ne5 3. f4 Ng6 4. f5 Ne5 5. Bf4 d6 6. e4 g6 7. Bxe5 dxe5 8. Nf3 gxf5 9. Nc3 fxe4 10. Nxe4 Bg7
11. Bc4 Bg4 12. Qd3 Qd7 13. Qb3 O-O-O 14. Nc5 Qe8 15. Qxb7#
1-0

[Event "2005 Standard Chess Dropout Tournament, Round 3"]
[Site "SchemingMind.com"]
[Date "2005.08.08"]
[Round "3"]
[White "Greg Magne"]
[Black "the gadget"]
[Result "1/2-1/2"]
[WhiteCountry "CAN"]
[BlackCountry "ENG"]
[WhiteElo "1880"]
[WhiteRD "122"]
[BlackElo "2020"]
[BlackRD "92"]
[GameID "21471"]

1. d4 Nf6 2. c4 g6 3. Nc3 Bg7 4. e4 d6 5. Nf3 O-O 6. Be2 e5 7. O-O exd4 8. Nxd4 Re8 9. f3 Nh5 10. Be3 f5
11. Qd2 f4 12. Bf2 Be5 13. Rfd1 Qf6 14. Ndb5 Qg7 15. c5 dxc5 16. Bc4+ Kh8 17. Bxc5 a6 18. Nd4 b6 19. Ba3 c5 20. Nde2 Nc6
21. Bd5 Bb7 22. Na4 Qc7 23. Rac1 Rad8 24. b4 Ne7 25. bxc5 Nxd5 26. exd5 Rxd5 27. Qc2 Rxd1+ 28. Qxd1 b5 29. Nb6 Rd8 30. Qc2 Ng7
31. Bb2 Ne6 32. Bxe5+ Qxe5 33. Qc3 Qxc3 34. Rxc3 Rd2 35. c6 Bxc6 36. Rxc6 Rxe2 37. Nd5 a5 38. a3 Re5 39. Nf6 Nc5 40. g3 Kg7
41. gxf4 Re1+ 42. Kg2 Nd3 43. f5 b4 44. axb4 axb4 45. fxg6 hxg6 46. Rb6 Re6 47. Rxe6 Nf4+ 48. Kf2 Nxe6 49. Ne4 Nd4 50. Ke3 Nc6
51. f4 Kf7 52. Kd3 Ke6 53. Ng3 Kd5 54. h4 Nd4 55. h5 gxh5 56. Nxh5 Nc6 57. Kc2 Kc4 58. Ng3 Nd4+ 59. Kb2 Kd5 60. f5 Kd6
61. f6 Ke6 62. Ne2 Nc6 63. Kb3 Kxf6 64. Nd4 Nxd4+= 65. Kxb4
1/2-1/2

[Event "2005 Standard Chess Dropout Tournament, Round 3"]
[Site "SchemingMind.com"]
[Date "2005.08.05"]
[Round "3"]
[White "alanwo"]
[Black "Mel"]
[Result "0-1"]
[WhiteCountry "ENG"]
[BlackCountry "USA"]
[WhiteElo "1613"]
[WhiteRD "93"]
[BlackElo "1433"]
[BlackRD "91"]
[GameID "21472"]

1. d4 Nf6 2. Nf3 e6 3. Bg5 Be7 4. Nbd2 d5 5. e3 c5 6. c3 Nbd7 7. Bd3 O-O 8. O-O b6 9. Re1 Re8 10. h3 a6
11. e4 c4 12. Bc2 dxe4 13. Nxe4 Bb7 14. Qe2 Nxe4 15. Bxe7 Qxe7 16. Bxe4 Bxe4 17. Qxe4 Nf6 18. Qc2 b5 19. Re2 h6 20. Rae1 Qd6
21. Ne5 Qd5 22. Qd2 Rab8 23. Qf4 b4 24. Re3 a5 25. Qf3 a4 26. Qxd5 Nxd5 27. Rf3 a3 28. cxb4 axb2 29. Nxc4 Nxb4 30. Nxb2 Nc2
31. Rb1 Nxd4 32. Rd3 Red8 33. Rd2 e5 34. Kh1 f5 35. Rdd1 e4 36. Nc4 Rbc8 37. Rb4 Nc2 38. Rxd8+ Rxd8 39. Ra4 f4 40. Ne5 Nd4
41. Rc4 e3 42. fxe3 fxe3 43. Kg1 Nf5 44. Kf1 Rd1+ 45. Ke2 Rd2+ 46. Ke1 Rxg2 47. Rg4 Rxa2 48. Nf3 Rf2 49. Ng1 h5 50. Rg5 Nh4
51. Kd1 Rd2+ 52. Ke1 Ng2+ 53. Kf1 Rf2#
0-1

[Event "2005 Standard Chess Dropout Tournament, Round 3"]
[Site "SchemingMind.com"]
[Date "2005.08.05"]
[Round "3"]
[White "C. H. O'D. Schlechter"]
[Black "wonko"]
[Result "1/2-1/2"]
[WhiteCountry "USA"]
[BlackCountry "FIN"]
[WhiteElo "2210"]
[WhiteRD "88"]
[BlackElo "1868"]
[BlackRD "91"]
[GameID "21473"]

1. e4 e5 2. f4 Nc6 3. Nf3 exf4 4. d4 Nf6 5. e5 Nd5 6. Bc4 Ne3 7. Bxe3 fxe3 8. O-O d5 9. exd6 Bxd6 10. Qd3 Qe7
11. Nc3 Nb4 12. Qe2 O-O 13. a3 Nc6 14. Rae1 Bf5 15. Nd5 Qd7 16. Nxe3 Rae8 17. Bd3 Bg4 18. c3 Bf4 19. Qf2 Bxe3 20. Rxe3 Rxe3
21. Qxe3 Re8 22. Be4 g6 23. Qf4 Bxf3 24. Bxf3 Nd8 25. Qg3 Qe7 26. Bd5 c6 27. Bc4 a6 28. a4 b5= 29. axb5 axb5 30. Ba2 Qe3+
31. Qxe3 Rxe3 32. Kf2 Re7 33. Ra1 Ra7 34. Ke3=
1/2-1/2

[Event "2005 Standard Chess Dropout Tournament, Round 3"]
[Site "SchemingMind.com"]
[Date "2005.08.05"]
[Round "3"]
[White "calipo"]
[Black "C. H. O'D. Schlechter"]
[Result "1/2-1/2"]
[WhiteCountry "ARG"]
[BlackCountry "USA"]
[WhiteElo "2011"]
[WhiteRD "101"]
[BlackElo "2217"]
[BlackRD "80"]
[GameID "21475"]

1. e4 Nf6 2. e5 Nd5 3. c4 Nb6 4. d4 d6 5. f4 dxe5 6. fxe5 Nc6 7. Be3 Bf5 8. Nc3 e6 9. Nf3 Bg4 10. Qd2 Bb4
11. Be2 O-O 12. O-O Qd7 13. Rad1 f5 14. a3 Be7 15. b4 a5 16. b5 Nd8 17. c5 Nd5 18. a4 Nf7 19. Nxd5 exd5 20. Bd3 Nd8
21. h3 Bh5 22. Qc2 Bg6 23. Rc1 f4 24. Bxg6 hxg6 25. Bd2 g5 26. Qg6 Qe6 27. Qxe6+ Nxe6 28. Kf2 Kf7= 29. c6 b6 30. Ke2 Rh8
31. Kd3 Rad8 32. Rf2 Rh7 33. Rcf1 Rdh8 34. Ng1 Kg6 35. Ne2 Kf5 36. Rf3=
1/2-1/2

[Event "2005 Standard Chess Dropout Tournament, Round 3"]
[Site "SchemingMind.com"]
[Date "2005.08.05"]
[Round "3"]
[White "CunningBill"]
[Black "faaus"]
[Result "0-1"]
[WhiteCountry "USA"]
[BlackCountry "ARG"]
[WhiteElo "1464"]
[WhiteRD "74"]
[BlackElo "1997"]
[BlackRD "107"]
[GameID "21476"]

1. e4 c5 2. Nc3 Nc6 3. Nf3 Nf6 4. Bc4 e6 5. O-O d6 6. d4 cxd4 7. Nxd4 Bd7 8. Nxc6 Bxc6 9. Re1 Be7 10. b4 Qc7
11. Nb5 Qb8 12. Nc3 b5 13. Bb3 O-O 14. Bf4 Qb7 15. Bxd6 Rfd8 16. e5 Bxg2 17. exf6 Bxf6 18. Qd3 Bh1 19. Ne4 Bxe4 20. Rxe4 Bxa1
21. Rg4 Bf6 22. Qg3 h5 23. Rf4 Rxd6 24. c3 Rad8 25. f3 Be5
0-1

[Event "2005 Standard Chess Dropout Tournament, Round 3"]
[Site "SchemingMind.com"]
[Date "2005.08.06"]
[Round "3"]
[White "dmichael"]
[Black "fifi"]
[Result "1-0"]
[WhiteCountry "USA"]
[BlackCountry "CAN"]
[WhiteElo "2084"]
[WhiteRD "97"]
[BlackElo "2175"]
[BlackRD "83"]
[GameID "21478"]

1. d4 Nf6 2. c4 g6 3. g3 Bg7 4. Nf3 O-O 5. Bg2 d6 6. O-O Nbd7 7. Nc3 e5 8. e4 exd4 9. Nxd4 Re8 10. h3 a6
11. Be3 c5 12. Nde2 Ne5 13. b3 Rb8 14. f4 Nc6 15. Qd2 Qe7 16. Bf2 Rd8 17. g4 b5 18. Bh4 Qe8 19. f5 g5 20. cxb5 Nd4
21. Bxg5 Nxe2+ 22. Qxe2 axb5 23. Rad1 b4 24. Nd5 Nxd5 25. Rxd5 Bb7 26. Bxd8 Bxd5 27. Bc7 Bd4+ 28. Kh1 Rb7 29. Bxd6 Rd7 30. Bg3 Bc6
31. f6
1-0

[Event "2005 Standard Chess Dropout Tournament, Round 3"]
[Site "SchemingMind.com"]
[Date "2005.08.05"]
[Round "3"]
[White "faaus"]
[Black "JPT"]
[Result "1-0"]
[WhiteCountry "ARG"]
[BlackCountry "INT"]
[WhiteElo "1997"]
[WhiteRD "107"]
[BlackElo "1768"]
[BlackRD "85"]
[GameID "21479"]

1. e4 e5 2. Nf3 Nc6 3. d4 exd4 4. Nxd4 Bb4+ 5. c3 Be7 6. Be3 Nf6 7. Nd2 O-O 8. f4 d6 9. Be2 Bd7 10. O-O Qc8
11. h3 Bxh3 12. Nxc6 bxc6 13. gxh3 Qxh3 14. Rf3 Qg4+ 15. Kh2 d5 16. Rh3 Qe6 17. e5 Nd7 18. Bg4
1-0

[Event "2005 Standard Chess Dropout Tournament, Round 3"]
[Site "SchemingMind.com"]
[Date "2005.08.05"]
[Round "3"]
[White "fifi"]
[Black "David Houpt"]
[Result "1-0"]
[WhiteCountry "CAN"]
[BlackCountry "GBR"]
[WhiteElo "2175"]
[WhiteRD "83"]
[BlackElo "1927"]
[BlackRD "144"]
[GameID "21480"]

1. e4 c5 2. Nf3 Nc6 3. d4 cxd4 4. Nxd4 Nf6 5. Nc3 d6 6. Bg5 e6 7. Qd2 Be7 8. O-O-O O-O 9. f4 d5 10. e5 Nd7
11. Bxe7 Qxe7 12. Nf3 Nb6 13. Bd3 Bd7 14. Qe1 f5 15. exf6 Qxf6 16. g3 Rac8 17. a3 Na5 18. Nxd5 Nb3+ 19. Kb1 exd5 20. cxb3 Bg4
21. Qf2 Nd7 22. h3 Bf5 23. Qxa7 Nc5 24. Bxf5 Qxf5+ 25. Ka2 Ne4 26. Rh2 Rb8 27. Ne5
1-0